Science Quiz

Random Science or Geology Quiz

Gemstones by Letter Quiz Stats

 Plays Quiz Updated Sep 21, 2016

Challenge
Share
Tweet
Embed
Score 0/26 Timer 04:00
2 Plays Today
Letter Gemstone % Correct
D (10)Diamond, datolite, demantoid garnet...
92.9%
R (10)Rose quartz, ruby, red beryl...
90.9%
A (28)Amethyst, alexandrite, agate...
88.2%
E (9)Ekanite, emerald, enstatite...
82.9%
O (5)Obsidian, oligoclase, opal...
81.5%
S (38)Sapphire, sugilite, sanidine...
80.5%
T (15)Topaz, turquoise, tantalite...
77.7%
Q (2)Quartz and quartzite
76.1%
P (31)Peridot, painite, pyrite...
75.8%
G (6)Gadolinite, Gypsum, Garnet...
66.2%
J (4)Jadeite, jasper, jet...
66.2%
Z (4)Zektzerite, zincite, zircon...
53.5%
B (17)Bloodstone, black Onyx, beryl...
44.1%
Letter Gemstone % Correct
C (37)Citrine, calcite, canasite...
42.3%
M (19)Magnesite, malachite, moonstone...
36.7%
L (11)Labradorite, langbeinite, lapis lazuli...
32.2%
F (6)Feldspar, fergusonite, fluorite...
25.7%
H (17)Hematite, hessonite, heliodor...
21%
I (3)Idocrase, inderite, and iolite
12.7%
K (4)Kämmererite, kornerupine, kurnakovite...
10.9%
N (7)Nambulite, natrolite, nephrite...
9.1%
V (5)Vanadinite, variscite, väyrynenite...
6.8%
W (9)Wardite, wavellite, weloganite...
5%
U (2)Ulexite and uvarovite garnet
4.7%
Y (1)Yugawaralite
4.4%
X (1)Xonotlite
3.6%

You're not logged in!

Compare scores with friends on all Sporcle quizzes.
Join for Free
OR
Log In

You Might Also Like...

Show Comments

Extras

Top Quizzes Today


Score Distribution

Your Account Isn't Verified!

In order to create a playlist on Sporcle, you need to verify the email address you used during registration. Go to your Sporcle Settings to finish the process.

Report this User

Report this user for behavior that violates our Community Guidelines.

Details: